000 00617cam a2200193 4500
001 D1831
008 090401t1985 xxu||||| |||| 00| 0 eng d
035 _a(Sirsi) u66102
041 _aeng
050 _a690.24
110 _aBuilding Maintenance Cost Information Service
_91702
245 _aMaintanance cost trends [wall chart]
260 _aKingston-upon-Thames
_bBMCIS
_c1985
300 _a1 wall chart. 42 x 30cm
350 _a0
520 _aThis item is part of a subscription service and cannot be photocopied. Please contact BMI direct on 0171-222-7000 for details.
942 _n0
948 _c04/03/1997
999 _c94822
_d94822